00315nam a2200109Ia 4500008004100000082000900041100002300050245003500073260002700108630003500135730003500170100328s9999 xx 000 0 und d b1637 aSorokin Pitirim A. aThe Reconstruction Of Humanity bBharatiya Vidya Bhavan aThe Reconstruction Of Humanity aThe Reconstruction Of Humanity